<?xml version="1.0" encoding="UTF-8"?>
<record
    xmlns:xsi="http://www.w3.org/2001/XMLSchema-instance"
    xsi:schemaLocation="http://www.loc.gov/MARC21/slim http://www.loc.gov/standards/marcxml/schema/MARC21slim.xsd"
    xmlns="http://www.loc.gov/MARC21/slim">

  <leader>01384cam a22002891i 4500</leader>
  <controlfield tag="003">SA_RiAUC</controlfield>
  <controlfield tag="005">20260107124112.0</controlfield>
  <controlfield tag="008">251125s2010____le     g      000 0 ara c</controlfield>
  <datafield tag="040" ind1=" " ind2=" ">
    <subfield code="a">SA-RiIMS</subfield>
    <subfield code="b">ara</subfield>
    <subfield code="c">SA-RiAUC</subfield>
    <subfield code="e">rda</subfield>
  </datafield>
  <datafield tag="043" ind1=" " ind2=" ">
    <subfield code="a">a-ku---</subfield>
  </datafield>
  <datafield tag="082" ind1="0" ind2="4">
    <subfield code="a">230.71538</subfield>
  </datafield>
  <datafield tag="090" ind1=" " ind2=" ">
    <subfield code="a">230.71538</subfield>
    <subfield code="b">&#x62A; &#x643; &#x644;</subfield>
  </datafield>
  <datafield tag="100" ind1="1" ind2=" ">
    <subfield code="a">&#x62A;&#x643;&#x644;&#x629;&#x60C; &#x645;&#x62D;&#x645;&#x62F; &#x632;&#x64A;&#x627;&#x62F; &#x628;&#x646; &#x639;&#x645;&#x631;</subfield>
    <subfield code="e">&#x645;&#x624;&#x644;&#x641;.</subfield>
  </datafield>
  <datafield tag="245" ind1="1" ind2="0">
    <subfield code="a">&#x62B;&#x628;&#x62A; &#x627;&#x644;&#x643;&#x648;&#x64A;&#x62A;&#x60C; &#x648;&#x647;&#x648;&#x60C; &#x627;&#x644;&#x62B;&#x628;&#x62A; &#x627;&#x644;&#x62C;&#x627;&#x645;&#x639; &#x644;&#x645;&#x62C;&#x627;&#x644;&#x633; &#x642;&#x631;&#x627;&#x621;&#x629; &#x648;&#x633;&#x645;&#x627;&#x639; &#x643;&#x62A;&#x628; &#x627;&#x644;&#x62D;&#x62F;&#x64A;&#x62B; &#x641;&#x64A; &#x627;&#x644;&#x643;&#x648;&#x64A;&#x62A; (1426-1430 &#x647;&#x640;) /</subfield>
    <subfield code="c">&#x645;&#x62D;&#x645;&#x62F; &#x632;&#x64A;&#x627;&#x62F; &#x628;&#x646; &#x639;&#x645;&#x631; &#x62A;&#x643;&#x644;&#x629;.</subfield>
  </datafield>
  <datafield tag="246" ind1="3" ind2="0">
    <subfield code="a">&#x627;&#x644;&#x62B;&#x628;&#x62A; &#x627;&#x644;&#x62C;&#x627;&#x645;&#x639; &#x644;&#x645;&#x62C;&#x627;&#x644;&#x633; &#x642;&#x631;&#x627;&#x621;&#x629; &#x648;&#x633;&#x645;&#x627;&#x639; &#x643;&#x62A;&#x628; &#x627;&#x644;&#x62D;&#x62F;&#x64A;&#x62B; &#x641;&#x64A; &#x627;&#x644;&#x643;&#x648;&#x64A;&#x62A; (1426-1430 &#x647;&#x640;)</subfield>
  </datafield>
  <datafield tag="250" ind1=" " ind2=" ">
    <subfield code="a">&#x627;&#x644;&#x637;&#x628;&#x639;&#x629; &#x627;&#x644;&#x623;&#x648;&#x644;&#x649;.</subfield>
  </datafield>
  <datafield tag="264" ind1=" " ind2="1">
    <subfield code="a">&#x628;&#x64A;&#x631;&#x648;&#x62A; :</subfield>
    <subfield code="b">&#x62F;&#x627;&#x631; &#x627;&#x644;&#x628;&#x634;&#x627;&#x626;&#x631; &#x627;&#x644;&#x625;&#x633;&#x644;&#x627;&#x645;&#x64A;&#x629;&#x60C;</subfield>
    <subfield code="c">2010</subfield>
  </datafield>
  <datafield tag="300" ind1=" " ind2=" ">
    <subfield code="a">1056 &#x635;&#x641;&#x62D;&#x629; &#x61B;</subfield>
    <subfield code="c">24 &#x633;&#x645;.</subfield>
  </datafield>
  <datafield tag="336" ind1=" " ind2=" ">
    <subfield code="a">&#x646;&#x635;</subfield>
    <subfield code="b">txt</subfield>
    <subfield code="2">rdacontent</subfield>
    <subfield code="3">&#x643;&#x62A;&#x627;&#x628;</subfield>
  </datafield>
  <datafield tag="337" ind1=" " ind2=" ">
    <subfield code="a">&#x628;&#x62F;&#x648;&#x646; &#x648;&#x633;&#x64A;&#x637;</subfield>
    <subfield code="b">n</subfield>
    <subfield code="2">rdamedia</subfield>
  </datafield>
  <datafield tag="338" ind1=" " ind2=" ">
    <subfield code="a">&#x645;&#x62C;&#x644;&#x62F;</subfield>
    <subfield code="b">nc</subfield>
    <subfield code="2">rdacarrier</subfield>
  </datafield>
  <datafield tag="490" ind1="1" ind2=" ">
    <subfield code="a">&#x627;&#x644;&#x623;&#x62B;&#x628;&#x627;&#x62A; &#x648;&#x627;&#x644;&#x645;&#x634;&#x64A;&#x62E;&#x627;&#x62A; &#x648;&#x627;&#x644;&#x625;&#x62C;&#x627;&#x632;&#x627;&#x62A; &#x648;&#x627;&#x644;&#x645;&#x633;&#x644;&#x633;&#x644;&#x627;&#x62A; &#x61B;</subfield>
    <subfield code="v">12</subfield>
  </datafield>
  <datafield tag="650" ind1=" " ind2="7">
    <subfield code="a">&#x627;&#x644;&#x62D;&#x62F;&#x64A;&#x62B;</subfield>
    <subfield code="x">&#x62F;&#x631;&#x627;&#x633;&#x629; &#x648;&#x62A;&#x639;&#x644;&#x64A;&#x645;</subfield>
    <subfield code="z">&#x627;&#x644;&#x643;&#x648;&#x64A;&#x62A;</subfield>
    <subfield code="2">aucsh</subfield>
  </datafield>
  <datafield tag="830" ind1=" " ind2="2">
    <subfield code="a">&#x627;&#x644;&#x623;&#x62B;&#x628;&#x627;&#x62A; &#x648;&#x627;&#x644;&#x645;&#x634;&#x64A;&#x62E;&#x627;&#x62A; &#x648;&#x627;&#x644;&#x625;&#x62C;&#x627;&#x632;&#x627;&#x62A; &#x648;&#x627;&#x644;&#x645;&#x633;&#x644;&#x633;&#x644;&#x627;&#x62A; (&#x62F;&#x627;&#x631; &#x627;&#x644;&#x628;&#x634;&#x627;&#x626;&#x631; &#x627;&#x644;&#x625;&#x633;&#x644;&#x627;&#x645;&#x64A;&#x629;)</subfield>
    <subfield code="v">12</subfield>
  </datafield>
  <datafield tag="942" ind1=" " ind2=" ">
    <subfield code="2">ddc</subfield>
    <subfield code="c">BOOK</subfield>
    <subfield code="n">0</subfield>
  </datafield>
  <datafield tag="949" ind1=" " ind2=" ">
    <subfield code="a">SA-JeALM</subfield>
    <subfield code="d">251125</subfield>
    <subfield code="u">mohamedma123</subfield>
    <subfield code="n">1</subfield>
  </datafield>
  <datafield tag="952" ind1=" " ind2=" ">
    <subfield code="0">0</subfield>
    <subfield code="1">0</subfield>
    <subfield code="2">ddc</subfield>
    <subfield code="4">0</subfield>
    <subfield code="7">0</subfield>
    <subfield code="a">WAHAB</subfield>
    <subfield code="b">WAHAB</subfield>
    <subfield code="d">2026-01-07</subfield>
    <subfield code="l">0</subfield>
    <subfield code="o">230.71538  &#x62A; &#x643; &#x644;</subfield>
    <subfield code="p">000022319</subfield>
    <subfield code="r">2026-01-07 12:42:23</subfield>
    <subfield code="w">2026-01-07</subfield>
    <subfield code="y">BOOK</subfield>
  </datafield>
  <datafield tag="999" ind1=" " ind2=" ">
    <subfield code="c">13954</subfield>
    <subfield code="d">13954</subfield>
  </datafield>
</record>
